| 000 | 01094nam a2200265Ia 4500 | ||
|---|---|---|---|
| 003 | GCL | ||
| 005 | 20240530110911.0 | ||
| 008 | 140319s2009 ua bh g b 000 0 ara d | ||
| 017 |
_a2008/21597 _bمصر. دار الكتب |
||
| 020 | _a9772087731 | ||
| 040 |
_aGCL / _cGCL |
||
| 082 | 0 | 4 |
_a327.40056/ _bع ع _221 |
| 100 | 0 | _aعبدالحكيم عبدالغنى قاسم | |
| 245 | 1 | 2 |
_aالعلاقات الدولية بين اوروبا والشرق : _b1789 - 1919 / _cعبدالحكيم عبدالغنى قاسم |
| 250 | _aط.1 | ||
| 260 |
_aالقاهرة : _bمكتبة مدبولى، _c2009. |
||
| 300 |
_a424 ص. : _bايض ؛ _c24 سم. |
||
| 504 | _aيشتمل على ارجاعات ببليوجرافية | ||
| 650 | 0 | 7 |
_2qrmak _aالسياسة الدولية |
| 650 | 0 | 7 |
_2qrmak _aالعلاقات الخارجية |
| 651 | 0 | 7 |
_2qrmak _aاوروبا _xالعلاقات الخارجية _zالشرق الاوسط |
| 651 | 0 | 7 |
_2qrmak _aالشرق الاوسط _xالعلاقات الخارجية _zاوروبا |
| 942 |
_2ddc _cBK |
||
| 999 |
_c66317 _d66317 |
||